England County Quiz - Devon - Statistics

General Stats
  • This quiz has been taken 360 times
  • The average score is 9 of 15
Answer Stats
Hint Answer % Correct
County town Exeter
92%
Port city known for its maritime heritage and historic Barbican district Plymouth
90%
National Park in southern Devon which includes the largest area of granite in Britain Dartmoor
87%
Name given to the area comprising the resort towns of Torquay, Paignton and Brixham English {Riviera}
80%
Best-selling author novelist from Devon, well known for her detective novels Agatha Christie
76%
Sea captain, privateer, naval officer, and explorer from Tavistock, best known for his circumnavigation of the world in a single expedition Sir Francis Drake
73%
Devon born world champion and Olympic diver Tom Daley
73%
Devon village, and the only place in Britain with an exclamation mark in its name Westward Ho!
71%
England's longest waymarked long-distance footpath which passes through Devon South West {Coast} Path
66%
Island off the north coast of Devon which is known for its rich bird life, Lundy
52%
Town which is home to the Britannia Royal Naval College for training the Navy's officers Dartmouth
45%
A water-powered funicular cliff railway joins Lynmouth with this twin town Lynton
43%
Royal Navy dockyard near the above city, one of three such bases in the UK Devonport
32%
'Romantic' poet born in Ottery St. Mary, who wrote 'The Rime of the Ancient Mariner' Samuel Taylor Coleridge
31%
Brunel's iconic railway bridge which spans the River Tamar Royal {Albert} Bridge
13%
No matching quizzes found
Score Distribution
Percent of People with Each Score
Percentile by Number Answered
Your Score History
You have not taken this quiz